|
|
|
|
| LEADER |
00000cam a2200000 a 4500 |
| 001 |
vtls001458593 |
| 003 |
SK-MaSNL |
| 005 |
20260425232125.0 |
| 008 |
220107s2002 xo d frn 00000 slo |
| 015 |
|
|
|a SNBA2003/07-02105
|
| 020 |
|
|
|a 8089101046
|q (brožované)
|
| 035 |
|
|
|a SNK000413900
|
| 035 |
|
|
|a urn:nbn:sk:snk-am3iwv5
|
| 035 |
|
|
|a 88EA81CB-05D0-4FEA-8C48-94B56D98394F
|
| 035 |
|
|
|a urn:nbn:sk:snk-am00g3j8
|
| 040 |
|
|
|a SNK
|b slo
|c SNK
|e AACR2
|
| 041 |
0 |
|
|a slo
|b eng
|
| 043 |
|
|
|a e-xo---
|
| 044 |
|
|
|a xo
|c SK
|
| 072 |
|
7 |
|a 630
|x Lesníctvo
|2 konspekt
|
| 080 |
|
|
|a 630(437.6)
|2 1997
|
| 080 |
|
|
|a 630
|2 2011
|
| 080 |
|
|
|a (437.6)
|2 2011
|
| 080 |
|
|
|a (048.8)
|2 2011
|
| 100 |
1 |
|
|a Greguš, Ctibor,
|d 1923-2015
|4 aut
|9 55527
|
| 245 |
1 |
0 |
|a Hodnotenie dlhodobého rozvoja lesného hospodárstva do roku 2000 na Slovensku
|b (štúdia)
|c Ctibor Greguš, Daniela Kellerová
|
| 250 |
|
|
|a 1. vyd.
|
| 260 |
|
|
|a Zvolen
|b Ústav ekológie lesa SAV
|b Lesprojekt
|c 2002
|
| 300 |
|
|
|a 81 strán
|b grafy, tabuľky
|c 21 cm
|
| 366 |
|
|
|e 250 kusov
|
| 504 |
|
|
|a Bibliografia na strane 74-76
|
| 546 |
|
|
|a Text slovensky, resumé anglicky
|
| 648 |
|
7 |
|a 2000
|2 SNKPH
|9 295137
|
| 650 |
0 |
7 |
|a lesné hospodárstvo
|2 SNKPH
|9 1256
|
| 651 |
|
7 |
|a Slovensko
|2 SNKPHgeo
|9 14231
|
| 655 |
|
7 |
|a štúdie
|2 SNKPH
|9 57033
|
| 700 |
1 |
|
|a Kellerová, Daniela
|4 aut
|9 12376
|
| 919 |
|
|
|a 80-89101-04-6
|
| 958 |
|
|
|a TL
|
| 958 |
|
|
|a NB
|
| 958 |
|
|
|a OND
|
| 999 |
|
|
|c 729772
|d 731702
|
| 952 |
|
|
|a SNK
|b SNK
|y PREZ
|7 0
|p 17A0393826
|o snkSC 112706
|i snkKSP 10483/2003
|8 0
|0 0
|1 0
|4 0
|d 2003-08-18
|f 1
|l 0
|r 2025-10-02 00:00:00
|w 2026-02-23
|
| 952 |
|
|
|a SNK
|b SNK
|y VYP
|7 0
|p 17A0393827
|o snkSC 112706 D1
|i snkKSP 10484/2003
|8 0
|0 0
|1 0
|4 0
|d 2003-08-18
|l 0
|r 2005-01-02 00:00:00
|w 2026-02-23
|